000 00322nam a22001337a 4500
003 SGT
082 _a616.89
_bK17S
100 _aSADOCK,BENJAMIN J
245 _aKAPLAN AND SANDOCKS COMPREHENSIVE TEXTBOOK OF PSYEHITRY
250 _a10TH
260 _aPHILADELPHIA
_bWOLTER KLUWER
_c2017
300 _a4621
942 _2ddc
_cBK
999 _c14196
_d14196